Serie A players 2003/04 - Statistics

General Stats
  • This quiz has been taken 2 times
  • The average score is 182 of 475
Answer Stats
Rank Player Positions Nationality Matches Goals Assists Clubs % Correct
135 Adriano DF, FW 25 17 0
100%
1 Alberto Gilardino FW 34 23 4
100%
212 Alessandro Birindelli DF 19 0 1
100%
172 Alessandro Costacurta DF 22 0 1
100%
124 Alessandro Nesta DF 26 0 1
100%
215 Álvaro Recoba MF, FW 19 8 5
100%
81 Andrea Barzagli DF 29 3 0
100%
38 Andrea Caracciolo FW 31 12 3
100%
20 Andrea Pirlo MF 32 6 7
100%
21 Andriy Shevchenko FW 32 24 3
100%
109 Angelo Peruzzi GK 27 0 0
100%
40 Antonio Buscè MF 31 1 1
100%
8 Antonio Cassano FW 33 14 8
100%
22 Antonio Di Natale FW 32 5 4
100%
42 Axel Cédric Konan FW 31 6 2
100%
23 Bernardo Corradi FW 32 9 6
100%
99 Cafú DF 28 1 5
100%
231 Carlos Paredes MF 18 0 0
100%
437 Christian Abbiati GK 2 0 0
100%
174 Christian Vieri FW 22 13 1
100%
248 Ciro Ferrara DF 17 1 0
100%
82 Clarence Seedorf MF 29 3 6
100%
110 Claudio López FW 27 4 4
100%
175 Cristian Chivu DF 22 2 0
100%
220 Cristiano Zanetti MF 19 1 1
100%
202 Damiano Tommasi MF 20 0 0
100%
164 Daniele Adani DF 23 1 0
100%
249 Daniele De Rossi DF, MF 17 0 4
100%
45 Dario Dainelli DF 31 0 0
100%
343 Dario Šimić DF 10 0 0
100%
139 David Trezeguet FW 25 16 4
100%
83 Dejan Stanković MF 29 6 0
100%
165 Demetrio Albertini MF, FW 23 2 0
100%
24 Dida GK 32 0 0
100%
394 Edgar Davids MF 5 0 0
100%
65 Emanuele Belardi GK 30 0 0
100%
9 Emerson MF 33 3 1
100%
191 Emre Belözoğlu MF 21 0 3
100%
203 Enzo Maresca MF 20 3 4
100%
179 Fabio Cannavaro DF 22 2 1
100%
27 Fabio Moro DF 32 0 0
100%
141 Fabrizio Miccoli FW 25 8 4
100%
267 Felipe dal Belo DF 16 0 0
100%
181 Fernando Couto DF 22 3 0
100%
365 Fernando Redondo MF 8 0 1
100%
290 Filippo Inzaghi FW 14 3 1
100%
422 Francesco Coco DF 3 0 0
100%
28 Francesco Toldo GK 32 0 0
100%
50 Francesco Totti MF, FW 31 20 7
100%
192 Generoso Rossi GK 21 0 0
100%
10 Gennaro Gattuso MF 33 1 2
100%
113 Giacomo Tedesco MF 27 0 1
100%
2 Gianluca Pagliuca GK 34 0 0
100%
235 Gianluca Pessotto DF, MF 18 0 0
100%
68 Gianluca Zambrotta DF 30 1 6
100%
30 Gianluigi Buffon GK 32 0 0
100%
253 Giovanni Tedesco MF 17 2 2
100%
194 Giuseppe Pancaro DF 21 1 3
100%
87 Hidetoshi Nakata MF 29 2 4
100%
284 Igor Tudor DF 15 2 0
100%
52 Iván Córdoba DF 31 1 1
100%
53 Ivan Pelizzoli GK 31 0 0
100%
90 Jaap Stam DF 29 2 0
100%
3 Javier Zanetti DF, MF 34 0 3
100%
128 Jon Dahl Tomasson MF, FW 26 12 5
100%
183 Julio Ricardo Cruz FW 22 7 3
100%
70 Kaká MF, FW 30 10 5
100%
387 Kakha Kaladze DF, MF 6 0 1
100%
195 Kily González MF, FW 21 0 3
100%
169 Lilian Thuram DF 23 0 1
100%
4 Lorenzo Stovini DF 34 0 0
100%
56 Luigi Di Biagio MF 31 7 0
100%
12 Mancini MF, FW 33 8 10
100%
327 Manuele Blasi MF 12 0 0
100%
72 Marco Cassetti DF, MF 30 5 1
100%
92 Marco Di Vaio FW 29 11 2
100%
298 Marco Materazzi DF 14 3 0
100%
34 Marek Jankulovski DF, MF 32 6 5
100%
398 Mario Cassano GK 5 0 0
100%
240 Mark Iuliano DF 18 2 0
100%
5 Martin Jørgensen MF 34 3 9
100%
208 Massimo Ambrosini MF 20 1 0
100%
14 Matteo Ferrari DF 33 1 0
100%
473 Matteo Rossi 0 1 0 0
100%
73 Matuzalém MF 30 3 4
100%
130 Mauro Camoranesi MF 26 3 5
100%
117 Mauro Milanese DF 27 1 0
100%
186 Mirko Conte DF 22 0 2
100%
6 Morgan De Sanctis GK 34 0 0
100%
119 Olivier Dacourt MF 27 1 2
100%
275 Paolo Cannavaro DF 16 0 0
100%
74 Paolo Maldini DF 30 0 0
100%
226 Paolo Montero DF 19 1 0
100%
301 Paolo Zanetti MF 14 0 0
100%
75 Pavel Nedvěd MF 30 6 8
100%
451 Raúl González FW 2 0 0
100%
122 Rui Costa MF 27 3 7
100%
35 Salvatore Lanna DF 32 3 0
100%
16 Sébastien Frey GK 33 0 0
100%
210 Serginho DF, MF 20 0 1
100%
379 Sérgio Conceição MF 7 0 1
100%
278 Shunsuke Nakamura MF 16 2 2
100%
17 Simone Barone MF 33 3 1
100%
159 Simone Inzaghi FW 24 5 2
100%
150 Siniša Mihajlović DF 25 1 3
100%
36 Stefano Fiore MF 32 8 5
100%
79 Stephen Appiah MF 30 1 1
100%
188 Thomas Helveg DF 22 0 1
100%
18 Tommaso Rocchi MF, FW 33 11 2
100%
333 Vincent Candela DF, MF 12 0 0
100%
340 Vincenzo Montella FW 11 5 0
100%
246 Vincenzo Sicignano GK 18 0 0
100%
80 Walter Samuel DF 30 1 0
100%
7 Aimo Diana DF, MF 33 5 1
50%
173 Alessandro Del Piero MF, FW 22 8 4
50%
259 Alessandro Gamberini DF 16 0 1
50%
304 Alessio Scarpi GK 13 0 0
50%
152 Alessio Tacchinardi MF 24 0 5
50%
458 Andrea Esposito DF 1 0 0
50%
230 Andrés Guglielminpietro MF 18 2 0
50%
288 Andy van der Meyde MF, FW 14 1 1
50%
39 Angelo Palombo MF 31 0 1
50%
260 Anthony Šerić DF 16 0 1
50%
434 Antonio Chimenti GK 2 0 0
50%
262 Antonio Filippini DF, MF 16 3 4
50%
435 Antonio Floro Flores FW 2 1 0
50%
163 Bruno Cirillo DF 23 0 0
50%
281 Carsten Jancker FW 15 1 0
50%
289 César DF, MF 14 6 0
50%
43 Cesare Natali DF 31 0 0
50%
322 Christian Manfredini MF 12 0 1
50%
153 Christian Panucci DF 24 2 2
50%
137 Claudio Bellucci FW 25 7 3
50%
334 Cristian Brocchi MF 11 0 1
50%
176 Cristiano Doni MF 22 6 1
50%
101 Cristian Zaccardo DF 28 0 0
50%
138 Daniel Andersson DF, MF 25 1 2
50%
155 Daniele Bonera DF 24 0 0
50%
374 Daniele Daino DF 7 0 0
50%
156 Daniele Franceschini MF 24 2 3
50%
190 Dario Hübner FW 21 3 0
50%
306 Dino Baggio MF 13 0 0
50%
46 Dino Fava FW 31 12 3
50%
84 Diomansy Kamara FW 29 6 3
50%
166 Domenico Morfeo MF, FW 23 4 6
50%
324 Emanuele Filippini MF 12 1 0
50%
140 Emiliano Bonazzoli FW 25 2 1
50%
25 Emiliano Moretti DF 32 0 0
50%
47 Emílson Cribari DF 31 1 1
50%
66 Enrico Chiesa FW 30 10 2
50%
335 Erminio Rullo DF 11 0 0
50%
178 Eusebio Di Francesco MF 22 1 0
50%
26 Fabio Bazzani FW 32 13 4
50%
266 Fábio Bilica DF 16 1 0
50%
307 Fabio Grosso DF, MF 13 2 2
50%
125 Fabio Liverani MF 26 2 0
50%
111 Fabio Pecchia MF 27 4 2
50%
250 Federico Agliardi GK 17 0 0
50%
49 Federico Cossato FW 31 6 0
50%
85 Francesco Antonioli GK 29 0 0
50%
112 Francesco Cozza MF 27 8 5
50%
104 Francesco Flachi FW 28 11 4
50%
251 Francesco Tavano FW 17 1 2
50%
29 Francisco Lima MF 32 0 0
50%
325 Franco Brienza MF, FW 12 2 0
50%
268 Gaetano D'Agostino MF 16 1 3
50%
114 Giampiero Pinzi MF 27 2 2
50%
157 Giandomenico Mesto DF, MF 24 0 1
50%
291 Gianluca Comotto DF 14 0 0
50%
31 Gianni Guigou MF 32 1 4
50%
69 Gilberto Martínez DF 30 0 1
50%
193 Giuliano Giannichedda MF 21 1 0
50%
86 Giuseppe Favalli DF 29 0 1
50%
167 Giuseppe Signori FW 23 6 7
50%
294 Gonzalo Martínez DF 14 0 0
50%
205 Goran Pandev MF, FW 20 1 2
50%
182 Guillermo Giacomazzi MF 22 0 2
50%
11 Iacopo Balestri DF 33 0 0
50%
88 Igli Tare FW 29 6 1
50%
89 Ivan Franceschini DF 29 0 0
50%
423 Ivone De Franceschi MF 3 0 0
50%
54 Javier Chevantón FW 31 19 6
50%
269 Javier Farinós MF 16 1 1
50%
127 Jay Bothroyd FW 26 4 4
50%
357 John Mensah DF 9 0 0
50%
142 Jonathan Bachini MF 25 2 0
50%
168 Jonathan Zebina DF 23 1 0
50%
237 Jorge Bolaño MF 18 0 0
50%
115 Juárez DF 27 0 0
50%
346 Julio César de León MF 10 1 0
50%
143 Lorenzo D'Anna DF 25 3 0
50%
296 Luca Castellazzi GK 14 0 0
50%
238 Luciano MF 18 1 2
50%
224 Luciano Zauri DF 19 3 0
50%
271 Luigi Sala DF 16 2 0
50%
425 Magnus Hedman GK 3 0 0
50%
377 Marcelo Zalayeta FW 7 0 0
50%
297 Marco Amelia GK 14 0 0
50%
239 Marco Ballotta GK 18 0 0
50%
411 Marco Borriello FW 4 0 1
50%
272 Marco Delvecchio FW 16 3 1
50%
57 Marco Di Loreto DF 31 4 0
50%
170 Marco Donadel MF 23 0 1
50%
328 Marco Esposito DF 12 0 1
50%
426 Mário Jardel FW 3 0 0
50%
285 Marius Stankevičius DF, MF 15 0 0
50%
13 Mark Bresciano MF 33 8 5
50%
116 Martin Jiránek DF 27 0 0
50%
348 Martin Laursen DF 10 0 0
50%
185 Massimo Marazzina FW 22 3 0
50%
58 Massimo Oddo DF 31 1 3
50%
93 Matteo Brighi MF 29 1 1
50%
144 Maurizio Ganz MF, FW 25 3 3
50%
242 Mauro Mayer DF 18 0 1
50%
15 Max Tonetto DF, MF 33 1 3
50%
316 Mirko Vučinić FW 13 1 1
50%
330 Mourad Meghni MF 12 0 1
50%
132 Mozart MF 26 2 1
50%
197 Nicola Legrottaglie DF 21 2 1
50%
108 Nicola Ventola FW 28 4 2
50%
158 Obafemi Martins FW 24 7 6
50%
428 Okan Buruk MF 3 0 0
50%
317 Paolo Negro DF 13 0 0
50%
402 Pietro Parente MF 5 0 0
50%
243 Riccardo Allegretti MF 18 1 1
50%
133 Roberto Baggio MF, FW 26 12 11
50%
198 Roberto Baronio MF 21 0 0
50%
120 Roberto Cevoli DF 27 1 0
50%
414 Roberto Delgado FW 4 0 1
50%
286 Sabri Lamouchi MF 15 0 1
50%
362 Salvatore Russo DF, MF 9 0 0
50%
228 Samuele Dalla Bona MF 19 3 0
50%
339 Sean Sogliano DF 11 0 0
50%
63 Simone Perrotta MF 31 1 1
50%
279 Simone Vergassola MF 16 1 0
50%
77 Stefano Bettarini DF 30 0 2
50%
245 Stefano Sacchetti DF 18 0 0
50%
171 Sulley Muntari MF 23 0 0
50%
381 Thomas Manfredini DF 7 0 0
50%
19 Tore André Flo FW 33 8 3
50%
302 Traianos Dellas DF 14 0 1
50%
123 Valeri Bojinov FW 27 3 1
50%
95 Valerio Bertotto DF 29 0 1
50%
349 Víctor Hugo Mareco DF 10 0 0
50%
161 Vince Grella MF 24 0 2
50%
96 Vincenzo Iaquinta FW 29 10 4
50%
134 Vincenzo Sommese MF 26 1 1
50%
97 Zeljko Kalac GK 29 0 0
50%
37 Zé Maria DF 32 7 5
50%
350 Zisis Vryzas FW 10 3 0
50%
454 Adewale Wahab MF 1 0 0
0%
247 Adriano Zancopè GK 17 0 0
0%
455 Akande Ajide MF, FW 1 0 0
0%
432 Alberto Fontana GK 2 0 0
0%
189 Alberto Valentim DF, MF 21 0 1
0%
390 Alejandro Correa MF 5 0 0
0%
351 Alessandro Agostini DF 9 0 0
0%
372 Alessandro Budel MF 7 0 0
0%
229 Alessandro Cucciari DF 18 0 1
0%
213 Alessandro Grandoni DF 19 0 1
0%
214 Alessandro Pierini DF 19 0 0
0%
303 Alessandro Potenza DF 13 0 0
0%
391 Alessandro Rosina MF 5 0 1
0%
456 Alessio Cerci MF, FW 1 0 0
0%
457 Al-Saadi Gaddafi MF, FW 1 0 0
0%
98 Amauri FW 28 4 2
0%
341 Andrea Ardito MF 10 1 0
0%
162 Andrea Cupi DF 23 0 0
0%
433 Andrea De Falco MF 2 0 0
0%
136 Andrea Sottil DF 25 1 0
0%
216 Andrea Sussi DF 19 0 0
0%
217 Andrea Zanchetta MF 19 3 6
0%
261 Antoine Conde MF #N/B 16 1 0
0%
392 Antonio Benarrivo DF 5 0 0
0%
41 Antonio Marasco MF 31 0 1
0%
459 Antonio Morello FW 1 1 0
0%
460 Arnaud Kouyo DF 1 0 0
0%
461 Asamoah Gyan FW 1 0 0
0%
280 Atsushi Yanagisawa FW 15 0 1
0%
218 Benito Carbone FW 19 4 5
0%
462 Biagio Pagano MF 1 0 0
0%
352 Bratislav Živković MF 9 0 0
0%
436 Bruce Dombolo FW 2 0 0
0%
100 Carlo Nervo MF 28 6 1
0%
342 Carlos Gamarra DF 10 0 0
0%
353 Carlo Taldo FW 9 1 0
0%
418 Carlo Zotti GK 3 0 0
0%
463 César Cervo Luca DF 1 0 0
0%
219 Cesare Bovo DF 19 2 0
0%
321 Christian Amoroso MF 12 1 0
0%
44 Christian Obodo MF 31 0 1
0%
384 Claudio Terzi DF 6 0 0
0%
438 Corrado Colombo FW 2 0 0
0%
373 Corrado Grabbi FW 7 0 0
0%
323 Cristian Bucchi FW 12 5 1
0%
64 Cristian Ledesma MF 30 1 5
0%
263 Cristian Silvestri DF 16 0 0
0%
439 Cristian Stellini DF 2 0 0
0%
154 Cristian Zenoni DF 24 0 3
0%
282 Daniele Balli GK 15 0 0
0%
177 Daniele Berretta MF 22 1 0
0%
419 Daniele Corvia FW 3 0 1
0%
385 Daniele Degano FW 6 0 0
0%
283 Daniele Delli Carri DF 15 0 1
0%
440 Daniele Fortunato 0 2 0 0
0%
393 Dario Baccin DF 5 0 0
0%
102 David Di Michele FW 28 8 4
0%
103 Davide Baiocco MF 28 0 0
0%
264 Davide Carrus MF 16 0 1
0%
464 Davide Chiumiento MF 1 0 0
0%
408 David Limberský DF, MF 4 0 0
0%
305 David Pizarro MF 13 3 3
0%
465 Diego Gavilán DF, MF 1 0 0
0%
265 Dražen Bolić DF 16 0 0
0%
420 Drissa Diarra DF, MF 3 0 0
0%
363 Emanuele Berrettoni FW 8 0 1
0%
344 Emanuele Troise DF 10 0 0
0%
375 Fabiano DF 7 0 0
0%
421 Fabian Valtolina FW 3 0 0
0%
180 Fabio Gatti MF 22 0 0
0%
204 Fabio Petruzzi DF 20 1 0
0%
386 Fabio Rossitto MF 6 0 0
0%
48 Fabio Vignaroli MF, FW 31 2 5
0%
364 Fabrizio Cammarata FW 8 0 0
0%
67 Fabrizio Ficini MF 30 0 1
0%
354 Fabrizio Ravanelli FW 9 6 2
0%
308 Fausto Rossini FW 13 1 2
0%
336 Ferdinand Coly DF 11 0 0
0%
441 Ferdinando Coppola GK 2 0 0
0%
232 Fernando Menegazzo MF 18 2 0
0%
233 Filippo Maniero FW 18 1 1
0%
309 Flavio Giampieretti MF 13 0 0
0%
466 Francesco Lodi MF 1 0 0
0%
345 Francesco Pedone MF 10 0 0
0%
221 Francesco Pratali DF 19 0 0
0%
442 Francesco Zerbini FW 2 0 0
0%
51 Franco Semioli MF 31 2 4
0%
443 Gabriele Scandurra FW 2 0 0
0%
467 Gabriel Oyola DF 1 0 0
0%
409 Gaël Genevier MF 4 0 0
0%
444 Gaetano Grieco FW 2 0 0
0%
468 Gennaro Fragiello FW 1 0 0
0%
234 Giacomo Cipriani FW 18 2 4
0%
252 Giampiero Maini MF 17 1 0
0%
105 Gianluca Falsini DF 28 0 0
0%
469 Gianluca Galasso DF 1 0 0
0%
366 Giorgio Frezzolini GK 8 0 0
0%
355 Giorgos Karagounis MF 9 0 0
0%
445 Giovanni Goracci MF 2 0 0
0%
292 Giovanni Ignoffo DF 14 1 0
0%
446 Giovanni Morabito DF 2 0 0
0%
293 Giovanni Pasquale DF 14 0 0
0%
106 Giulio Falcone DF 28 0 0
0%
126 Giuseppe Abruzzese DF 26 0 0
0%
470 Giuseppe Cardone DF 1 0 0
0%
254 Giuseppe Colucci MF 17 1 1
0%
410 Giuseppe Gemiti DF, MF 4 0 0
0%
236 Giuseppe Sculli MF, FW 18 2 1
0%
447 Graziano Pellè FW 2 0 0
0%
295 Guly do Prado MF, FW 14 0 1
0%
471 Higo Seara Santos de Oliveira MF 1 0 0
0%
376 Ianis Zicu MF, FW 7 0 1
0%
206 Ighli Vannucchi MF 20 3 3
0%
395 Jamal Alioui DF 5 0 0
0%
356 Jérémie Bréchet DF, MF 9 0 0
0%
222 John Carew FW 19 6 1
0%
255 Jorge Francisco Vargas DF 17 0 0
0%
424 Julio Gutiérrez FW 3 0 0
0%
129 Júnior DF, MF 26 0 3
0%
347 Kostas Louboutis DF 10 0 1
0%
55 Leandro Cufré DF 31 0 2
0%
196 Leonardo Colucci MF 21 1 1
0%
448 Luca Antonini DF, MF 2 0 0
0%
256 Luca Bucci GK 17 0 0
0%
91 Luca Marchegiani GK 29 0 0
0%
223 Lucas Castromán MF, FW 19 1 1
0%
270 Luca Ungari DF 16 1 0
0%
367 Luciano Zavagno DF 8 0 0
0%
396 Luigi Giandomenico MF 5 0 1
0%
326 Luigi Piangerelli MF 12 0 1
0%
358 Luigi Sartor DF 9 0 0
0%
472 Luigi Turci GK 1 0 0
0%
310 Luis Helguera MF 13 0 0
0%
71 Manuel Belleri DF 30 1 1
0%
32 Marcello Castellini DF 32 0 1
0%
388 Marco Carparelli FW 6 0 0
0%
311 Marco Fortin GK 13 0 0
0%
312 Marco Malagò DF 13 0 0
0%
33 Marco Marchionni MF 32 5 8
0%
359 Marco Pisano DF 9 0 1
0%
397 Marco Zanchi DF 5 0 0
0%
107 Mario Santana MF 28 3 4
0%
427 Marko Perović MF 3 0 0
0%
207 Markus Schopp MF 20 0 2
0%
449 Martin Lejsal GK 2 0 0
0%
241 Massimiliano Cappellini FW 18 0 0
0%
184 Massimiliano Fusani MF 22 0 0
0%
412 Massimiliano Giacobbo MF 4 0 0
0%
209 Massimo Donati MF 20 0 0
0%
329 Massimo Loviso MF 12 0 0
0%
273 Massimo Margiotta FW 16 4 0
0%
274 Massimo Scoponi MF 16 0 0
0%
337 Matías Almeyda DF, MF 11 0 1
0%
313 Matteo Pivotto DF 13 1 0
0%
360 Matteo Sereni GK 9 0 0
0%
399 Mauricio Pinilla FW 5 0 0
0%
474 Maurizio D'Angelo DF 1 0 0
0%
257 Maurizio Domizzi DF 17 1 1
0%
368 Maurizio Lanzaro DF 8 0 0
0%
59 Michele Mignani DF 31 0 1
0%
131 Michele Pazienza MF 26 0 0
0%
400 Michele Tardioli GK 5 0 0
0%
299 Milan Rapaić MF, FW 14 4 1
0%
314 Mirco Gasparetto FW 13 1 1
0%
315 Mirko Pieri DF, MF 13 0 1
0%
401 Mohamed Kallon FW 5 0 0
0%
450 Mohammed Gargo DF 2 0 0
0%
145 Moris Carrozzieri DF, FW 25 0 1
0%
146 Nicola Amoruso FW 25 5 0
0%
118 Nicola Campedelli MF 27 2 0
0%
413 Nicola Corrent MF 4 0 0
0%
389 Nicola Mariniello MF 6 0 0
0%
60 Nikola Lazetić MF 31 2 4
0%
147 Omar Milanetto MF 25 2 6
0%
225 Ousmane Dabo MF 19 0 0
0%
276 Paolo Castellini DF 16 0 0
0%
378 Paolo Foglio DF 7 0 0
0%
361 Paolo Poggi FW 9 0 0
0%
300 Paolo Ponzo MF 14 0 0
0%
227 Pasquale Foggia MF, FW 19 1 0
0%
429 Pasquale Luiso FW 3 0 0
0%
331 Paul Codrea DF, MF 12 1 1
0%
76 Per Krøldrup DF 30 2 0
0%
430 Philippe Billy DF 3 0 0
0%
403 Raffaele Rubino FW 5 0 0
0%
475 Roberto Cardinale DF 1 0 0
0%
94 Roberto D'Aversa MF 29 1 2
0%
318 Roberto Goretti MF 13 0 1
0%
404 Roberto Guana MF 5 0 0
0%
405 Roberto Maltagliati DF 5 0 0
0%
187 Roberto Muzzi FW 22 1 2
0%
148 Roberto Sensini DF 25 2 2
0%
277 Roberto Stellone FW 16 1 0
0%
121 Rodrigo Taddei DF, FW 27 8 4
0%
415 Roque Júnior DF 4 0 0
0%
369 Salvatore Bruno FW 8 0 0
0%
338 Salvatore Fresi DF 11 2 0
0%
61 Sebastiano Siviglia DF 31 0 1
0%
416 Sebastián Saja GK 4 0 0
0%
244 Sergio Marcon GK 18 0 0
0%
149 Sergio Pellissier FW 25 3 1
0%
62 Sergio Volpi MF 31 1 3
0%
380 Simone Bonomi DF, MF 7 0 0
0%
199 Simone Del Nero DF, FW 21 1 2
0%
370 Simone Giacchetta DF 8 0 1
0%
332 Simone Pavan DF 12 0 0
0%
406 Siyabonga Nomvethe MF, FW 5 0 0
0%
160 Souleymane Diamoutene DF 24 0 0
0%
319 Stefano Argilli MF 13 1 0
0%
287 Stefano Dall'Acqua FW 15 2 0
0%
417 Stefano Lombardi DF 4 0 0
0%
200 Stefano Lucchini DF 21 1 0
0%
78 Stefano Mauri MF, FW 30 7 1
0%
211 Stefano Morrone MF 20 0 1
0%
452 Stefano Pardini GK 2 0 0
0%
151 Stefano Torrisi DF 25 2 0
0%
258 Stephen Makinwa FW 17 1 0
0%
431 Thomas Job MF 3 0 0
0%
201 Tomas Locatelli MF, FW 21 4 2
0%
382 Vaggelis Nastos DF 7 0 0
0%
371 Vedin Musić DF, MF 8 0 0
0%
453 Viktor Budyanskiy MF 2 0 0
0%
407 Vukašin Poleksić GK 5 0 0
0%
383 Wilfried Dalmat MF, FW 7 1 0
0%
320 William Viali DF 13 2 1
0%
No matching quizzes found
Score Distribution
Percent of People with Each Score
Percentile by Number Answered
Your Score History
You have not taken this quiz